000
00288 a2200145 4500
001
167326
020
_a
040
_c
Magnum
100
_a
Pecora, Alcir
240
1
0
_a
Problemas de redacao
_l
por
245
1
0
_a
Problemas de redacao
362
0
_a
1899
697
_a
GERAL
942
_c
BK
999
_c
167326
_d
167326